00629nam a2200169 a 4500003000200000005001700002008004100019050002800060100002200088245008600110260009000196300002800286504004100314650003700355650002700392650004000419020250203134757.0130824s19uu xx 00 eng d aPHS LB 1573b.Or74 2013 aOrn, Darling Love aThe Evidence of the KRI targets and 3R's in grade 9 students /cDarling Love Orn. aLas Piñas City, Philippines :bSouthville International School and Colleges,c2013. a34 p. :bill. ;c28 cm. aIncludes bibliographical references. aSecondary educationvCurriculum. aEducationvEvaluation. aEducational tests and measurements.